000
00616nam a22001457a 4500
020
_a
9789698535339
082
_a
355.033000
100
_a
Salma Malik (Ed)
245
_a
Pakistan's security problems and challenges in the next decade
260
_a
Islamabad
_b
NUST publishing
_c
2015
300
_a
309p
942
_c
BK
999
_c
354187
_d
354187